1804 1372 1245 1562 1383 1056 1686 1727 1762 1569 1994 1909 1976 1411 1864 1072 1640 1284 1280 1768 1053 1716 1144 1612 1619 1017 1164 1638 1137 1878 1317 1669 1394 1841 1800 1337 1433 1593 1496 1484 1385 1729 1427 1689 1416 1566 1517 1689 1187 1585 1139 1841 1976 1149 1638 1588 1134 1573 1683 1125 1829 1832 1926 1255 1051 1100 1762 1762 1374 1209 1545 1035 1113 1240 1871 1896 1056 1043 1248 1096 1139 1490 1137 1640 1163 1525 1647 1387 1169 1557 1994 1738 1180 1033 1081 1729 1326 1122 1470 BCNSPRNW ULIB Ver.6.0+V

เปลี่ยนเป็นภาษาไทย

Change to English
 แสดงรายละเอียดบรรณานุกรม
  กลับหน้าหลัก

Brief Record : Get Marc (ISO 2709) : E-mail record : QR code < ปิดหน้าต่าง
LEADER : 00000nam 2200000uu 4500
001    13399122388
003     ULIB
008    121016s2553||||th 000 0 tha d
020    ^a9786167243030
090    ^aนว.^bP984ล
100    ^aPunch
245    ^aลิขิตรักมายาทะเลทราย/^cPunch
250    ^aพิมพ์ครั้งที่ 1
260    ^aกรุงเทพฯ :^bภัทรโญธิน,^c2553
300    ^a232 หน้า
710 1  ^aภัทรโญธิน
945    ^p229^l0^i16986
995    ^aทศพร
999 ^a กัณชพร
รายการนี้ยังไม่มีแท็ก
คุณยังไม่ได้ล็อกอิน คุณสามารถมีกิจกรรมร่วมกับเว็บไซต์ได้ แต่ต้องล็อกอินก่อน ::
  ล็อกอิน

รายการสื่อสารสนเทศ

ลำดับที่ ประเภท เลขเรียก/บาร์โค้ด สถานที่ สถานะ
1. นวนิยาย
นวนิยาย
นว. P984ล ฉ.1 
  Barcode: 16986
ห้องสมุดวิทยาเขตสวรรค์ประชารักษ์
►นวนิยาย
บนชั้น
  ขอยืม

รายการใกล้เคียง
    ผู้แต่ง [Punch]

BibComment


ยังไม่เคยถูกคอมเมนท์

คอมเมนท์ทรัพยากรรายการนี้
  คอมเมนท์: ลิขิตรักมายาทะเล..


 Copyright 2026. Bcnsprnw @Library